Fr. Conceicao Rodrigues College of Engineering

Woodwork Practice & Theory (Record no. 20773)

MARC details
000 -LEADER
fixed length control field 00292nam a2200133Ia 4500
082 ## - DEWEY DECIMAL CLASSIFICATION NUMBER
Classification number 684
100 ## - MAIN ENTRY--PERSONAL NAME
Personal name Wishart/Alfred
245 ## - TITLE STATEMENT
Title Woodwork Practice & Theory
260 ## - PUBLICATION, DISTRIBUTION, ETC.
Name of publisher, distributor, etc. Copp Chark
Place of publication, distribution, etc. Vancouver
Date of publication, distribution, etc. 1936
300 ## - PHYSICAL DESCRIPTION
Extent 236
546 ## - LANGUAGE NOTE
Language note ENGLISH
654 ## - SUBJECT ADDED ENTRY--FACETED TOPICAL TERMS
Focus term Woodwork Practice
942 ## - ADDED ENTRY ELEMENTS (KOHA)
Koha item type BOOK
Holdings
Withdrawn status Lost status Damaged status Not for loan Collection Home library Current library Date acquired Total Checkouts Full call number Barcode Date last seen Price effective from Koha item type
        AFT Fr. Agnel's C.Rodrigues College of Engineering Fr. Agnel's C.Rodrigues College of Engineering 17/03/2023   684 AFT1265 17/03/2023 17/03/2023 BOOK